000 00327nam a22001457a 4500
003 OSt
005 20160727222349.0
008 160621b xxu||||| |||| 00| 0 eng d
040 _cTest
100 _9335
_aMontgomery, R
245 _aWild n Wacky
260 _aReview and Herald
_c2001
300 _aWild n Wacky
942 _2ddc
_cBK
999 _c269
_d269